[Event "GCT Zagreb 2019"]
[Site "Zagreb"]
[Date "2019.07.03"]
[Round "7.4"]
[White "Nakamura, Hikaru"]
[Black "Aronian, Levon"]
[Result "1/2-1/2"]
[WhiteElo "2754"]
[BlackElo "2752"]
[Annotator "TA"]
[PlyCount "61"]
[EventDate "2019.06.26"]
[EventType "tourn"]
[EventCountry "CRO"]
[SourceTitle "playchess.com"]
[Source "ChessBase"]
[SourceQuality "1"]

{[%evp 9,61,7,11,2,14,7,15,8,19,19,14,12,12,15,14,16,10,20,15,17,12,28,21,0,0,0,0,0,0,0,0,0,0,0,0,-10,0,0,0,0,0,0,0,0,0,0,0,0,0,0,0,0,0,0]} 1. e4 e5 2. Nf3 Nc6 3. Bb5 Nf6 4. d3 Bc5 5. Nbd2 Nd4 6. Nxd4 {C65: Ruy Lopez: Berlin Defence (3...Nf6), unusual lines and 4 0-0 Bc5} Bxd4 7. c3 Bb6 8. d4 c6 9. dxe5 {[#] And now Be2 would win.} cxb5 10. exf6 Qxf6 {[%csl Gb6][%cal Rf6f2]} 11. O-O O-O 12. Nf3 $146 ({Predecessor:} 12. a4 bxa4 {1-0 (46) Caruana,F (2816)-Kramnik,V (2792) Paris 2018}) 12... d6 13. Re1 Bg4 14. Be3 b4 15. Bxb6 axb6 16. Qd4 {The position is equal.} (16. cxb4 {is more complex.} Qxb2 17. Qd4 Rxa2 18. Rxa2 Qxa2 19. Nh4) 16... Bxf3 17. Qxf6 gxf6 18. gxf3 bxc3 19. bxc3 $11 {[%mdl 4096] Endgame KRR-KRR} Rfc8 20. Reb1 Rxc3 21. Rxb6 Rxf3 22. Rxb7 f5 23. exf5 Ra4 24. Rb5 Kg7 25. Rd5 Rfa3 26. Rxd6 Rxa2 27. Rxa2 Rxa2 28. Rd3 h5 29. Rb3 Ra5 30. Rc3 Rxf5 31. Rb3 {Accuracy: White = 77%, Black = 85%.} 1/2-1/2

[Event "GCT Zagreb 2019"]
[Site "Zagreb"]
[Date "2019.07.03"]
[Round "7.5"]
[White "Anand, Viswanathan"]
[Black "Ding, Liren"]
[Result "1/2-1/2"]
[WhiteElo "2767"]
[BlackElo "2805"]
[Annotator "TA"]
[PlyCount "53"]
[EventDate "2019.06.26"]
[EventType "tourn"]
[EventCountry "CRO"]
[SourceTitle "playchess.com"]
[Source "ChessBase"]
[SourceQuality "1"]

{[%evp 19,53,27,21,8,8,15,17,4,8,7,20,20,33,20,24,6,6,2,11,22,35,33,29,0,8,0,0,0,25,19,15,0,26,0,16,0]} 1. e4 e5 2. Nf3 Nc6 3. Bb5 a6 4. Ba4 Nf6 5. O-O Be7 6. Re1 b5 7. Bb3 O-O 8. a4 b4 9. d4 d6 10. dxe5 Nxe5 11. Nxe5 {C88: Closed Ruy Lopez: Anti-Marshall Systems} (11. Nbd2 Bb7 12. Nxe5 dxe5 13. Qf3 Kh8 14. Nc4 Bxe4 15. Qh3 Qc8 16. Qxc8 Raxc8 17. Bg5 Bd5 18. Rxe5 Be6 {½-½ (48) Howell,D (2693)-Onischuk,A (2647) Astana 2019}) 11... dxe5 12. Nd2 Bc5 13. h3 a5 14. Qf3 Qe7 $146 ({Predecessor:} 14... Bb7 15. Nf1 h6 16. Ng3 Nh7 17. Nf5 Ng5 18. Qg4 Qf6 {1-0 (48) Olsarova,K (2242)-Miturova,M (2103) Orlova 2011}) 15. Nc4 Be6 16. Be3 Nd7 17. Rad1 Rfd8 18. Rd2 Bxc4 19. Bxc4 Bxe3 20. Qxe3 Nb6 21. Rxd8+ Rxd8 22. Bb3 Rd4 23. Qe2 {Hoping for Qb5.} Qc5 24. Qf3 Qe7 25. Qe2 {Strongly threatening Qb5.} Qc5 26. Qf3 Qe7 27. Qe2 {Accuracy: White = 37%, Black = 82%.} 1/2-1/2

[Event "GCT Zagreb 2019"]
[Site "Zagreb"]
[Date "2019.07.03"]
[Round "7.6"]
[White "Mamedyarov, Shakhriyar"]
[Black "Vachier-Lagrave, Maxime"]
[Result "1/2-1/2"]
[WhiteElo "2774"]
[BlackElo "2779"]
[Annotator "TA"]
[PlyCount "54"]
[EventDate "2019.06.26"]
[EventType "tourn"]
[EventCountry "CRO"]
[SourceTitle "playchess.com"]
[Source "ChessBase"]
[SourceQuality "1"]

{[%evp 9,54,24,16,0,15,12,17,15,25,20,17,23,27,23,23,31,30,29,28,33,31,20,19,24,35,13,20,8,6,10,7,12,8,10,2,0,0,0,0,0,0,0,0,0,0,0,0]} 1. d4 Nf6 2. c4 g6 3. Nf3 Bg7 4. e3 O-O 5. Be2 c5 (5... d6 6. Nc3 Nbd7 7. O-O e5 8. b4 Re8 9. Bb2 exd4 10. Nxd4 a5 11. a3 Ne5 12. Qb3 Bg4 13. Rad1 axb4 14. axb4 Bxe2 15. Ndxe2 c6 16. h3 Qe7 17. Nd4 Ned7 18. Ra1 Nb6 19. Rxa8 Rxa8 20. Rc1 Rd8 21. Na4 Nxa4 22. Qxa4 {½-½ (22) Wojtaszek,R (2724)-Nepomniachtchi,I (2773) Moscow 2019}) 6. dxc5 {E60: King's Indian: Unusual lines and Fianchetto Variation without Nc3} Ne4 7. Nd4 Nc6 8. O-O Nxc5 9. Nc3 d6 $146 ({Predecessor:} 9... Ne6 10. Nxe6 fxe6 11. Qd2 Qa5 12. Rb1 b6 13. a3 {1-0 (50) Korley,K (2437)-Jacobson,B (2455) Charlotte 2019}) 10. b3 Ne6 {[%cal Rc6d4]} 11. Nxe6 Bxe6 12. Bb2 d5 13. cxd5 Bxd5 14. Qc1 {[#] aiming for Rd1.} Be6 15. Na4 Bxb2 16. Qxb2 Qa5 17. Rfc1 Rad8 {The position is equal.} 18. Rc5 Rd2 19. Rxa5 Rxb2 20. Nxb2 Nxa5 21. Kf1 Rc8 22. Ke1 Kg7 23. Rd1 Rc2 24. Rd2 Rc1+ 25. Rd1 Rc2 26. Rd2 Rc1+ 27. Rd1 Rc2 {Accuracy: White = 88%, Black = 84%.} 1/2-1/2

[Event "GCT Zagreb 2019"]
[Site "Zagreb"]
[Date "2019.07.04"]
[Round "8.1"]
[White "Ding, Liren"]
[Black "Carlsen, Magnus"]
[Result "0-1"]
[WhiteElo "2805"]
[BlackElo "2875"]
[Annotator "TA"]
[PlyCount "118"]
[EventDate "2019.06.26"]
[EventType "tourn"]
[EventCountry "CRO"]
[SourceTitle "playchess.com"]
[Source "ChessBase"]
[SourceQuality "1"]

{[%evp 13,118,0,0,0,0,0,19,19,14,16,14,30,29,26,26,22,17,46,32,19,12,6,7,9,13,15,20,20,20,20,20,0,0,0,17,9,18,17,17,0,0,0,-3,-41,-42,-44,-40,-43,-37,-63,-65,-61,-65,-61,-67,-67,-66,-72,-40,-100,-86,-126,-126,-119,-126,-140,-140,-147,-147,-156,-157,-157,-142,-142,-142,-292,-268,-477,-477,-477,-468,-724,-670,-714,-680,-730,-720,-708,-681,-672,-656,-5514,-859,-978,-793,-1193,-1142,-1683,-1444,-1507,-1281,-29971,-29972,-29992,-29993,-29993,-728]} 1. d4 Nf6 2. c4 e6 3. Nf3 d5 4. g3 Be7 5. Bg2 O-O 6. O-O dxc4 7. Qc2 b5 8. a4 {E05: Open Catalan: 5 Nf3 Be7} b4 9. Nfd2 Nd5 (9... c6 10. Nxc4 Qxd4 11. Rd1 Qc5 12. b3 Ba6 13. Nbd2 Nbd7 14. Bb2 Rad8 15. e3 Qh5 {0-1 (38) Maghsoodloo,P (2688)-Nakamura,H (2746) St Petersburg 2018}) 10. Nxc4 {The position is equal.} c5 11. dxc5 Ba6 $146 ({Predecessor:} 11... Bxc5 12. Nbd2 Nd7 13. e4 N5b6 14. e5 Nd5 15. Ne4 Be7 {1-0 (51) Melkumyan,H (2580)-Can,E (2487) Sarajevo 2011}) 12. Ne3 Nd7 $1 {[%cal Rd7c5]} 13. Nxd5 exd5 14. c6 Rc8 15. Bf4 Nc5 16. c7 Qd7 $1 17. Nd2 {[%cal Bb1d2,Bd2b3,Bb3a5][%mdl 32]} g5 18. Be5 f6 19. Bd4 Rxc7 {Hoping for ...Ne6.} 20. Qd1 Ne6 21. Nb3 Bc4 22. Na5 Nxd4 23. Qxd4 Kg7 24. Rfc1 {[%cal Ra5c4]} Bxe2 25. Rxc7 Qxc7 26. Re1 Bc5 $36 {[%mdl 2048] Black is pushing.} 27. Qxd5 {Strongly threatening Nc6.} Re8 $1 {Threatens to win with ...Bxf2+!} 28. Qb7 Qxb7 29. Nxb7 Bf8 30. Bc6 Re7 31. f3 Bc4 32. Rxe7+ Bxe7 $15 {[%mdl 4096] Endgame KBB-KBN} 33. Kf2 f5 34. Ke3 Bg8 35. Kd3 g4 36. Na5 (36. a5 $15) 36... Bc5 $1 $17 37. Nc4 Bg1 $1 38. Ne3 Be6 39. fxg4 fxg4 40. Ke2 {[#]} h5 $1 ({Worse is} 40... Bxh2 41. Kf2 $14) 41. Bd5 Bd7 42. Bb3 Bxh2 43. Kf2 {[#] And now Kg2 would win.} h4 $1 {[%mdl 512]} 44. gxh4 (44. Nf1 $17 hxg3+ 45. Nxg3) 44... Be5 $19 45. Nc4 $2 (45. Bd1 {was worth a try.}) 45... g3+ 46. Kg1 Bf4 47. Bd1 (47. Bc2 $142 Bc6 48. Bd1) 47... Bc6 48. b3 Kh6 49. a5 Be4 50. Kf1 Kg7 51. Kg1 Kf6 52. Kf1 Ke6 (52... g2+ $142 53. Kg1 Bh6) 53. h5 Kd5 54. a6 Kd4 {...g2+ is the strong threat.} 55. Bg4 Kc3 56. Be6 Bc2 57. Na5 Bc7 {Black mates.} 58. Nb7 Bd3+ 59. Kg1 Bxa6 {Accuracy: White = 53%, Black = 82%.} (59... Be4 $142 60. Kf1 g2+ 61. Kg1 Bb6+ 62. Nc5 Bxc5+ 63. Kh2 g1=Q+ 64. Kh3 Qg2+ 65. Kh4 Bf2#) 0-1

[Event "GCT Zagreb 2019"]
[Site "Zagreb"]
[Date "2019.07.04"]
[Round "8.2"]
[White "So, Wesley"]
[Black "Nakamura, Hikaru"]
[Result "1-0"]
[WhiteElo "2754"]
[BlackElo "2754"]
[Annotator "TA"]
[PlyCount "110"]
[EventDate "2019.06.26"]
[EventType "tourn"]
[EventCountry "CRO"]
[SourceTitle "playchess.com"]
[Source "ChessBase"]
[SourceQuality "1"]

{[%evp 12,110,19,23,35,36,43,41,25,22,26,37,35,16,16,16,12,18,16,11,11,5,14,9,9,4,2,3,38,13,21,25,52,52,74,39,55,31,33,37,28,33,47,42,39,52,66,0,71,36,20,20,45,40,63,60,67,62,71,47,54,59,157,111,137,131,248,51,50,0,249,250,243,233,3902,3610,4132,2182,1649,1384,1048,189,189,175,29967,29967,29966,29964,29972,29974,29974,29975,29975,29976,29976,29977,29977,29978,29976,29979,29983]} 1. e4 e5 2. Nf3 Nc6 3. Bb5 Nf6 4. O-O Nxe4 5. Re1 Nd6 6. Nxe5 Be7 7. Bf1 Nf5 {C67: Ruy Lopez: Berlin Defence: 4 0-0 Nxe4} (7... Nxe5 8. Rxe5 O-O 9. d4 Bf6 10. Re1 Re8 11. Rxe8+ Nxe8 12. d5 b6 13. Nd2 Bb7 14. Ne4 Be7 15. c3 Nd6 16. Ng3 Bg5 17. c4 Rc8 18. b3 Qf6 19. Bxg5 Qxg5 20. Qd4 Re8 21. Rd1 Nf5 22. Nxf5 Qxf5 23. Bd3 Qe5 {½-½ (23) So,W (2765)-Nakamura,H (2746) Kolkata 2018}) 8. Nf3 d5 9. d4 O-O {White is slightly better.} 10. Nc3 Nh4 11. Nxh4 Bxh4 12. Bb5 $146 ({Predecessor:} 12. Bf4 Bf5 13. Qd2 Bf6 14. Ne2 Qd7 15. c3 {½-½ (28) Anand,V (2773)-Nakamura,H (2746) Kolkata 2018}) 12... Ne7 13. Bd3 Bf6 14. Qh5 {[%csl Gd3][%cal Rh5h7]} g6 15. Qf3 Bg7 16. Bg5 f6 17. Bd2 $36 {[%mdl 2048] White is pushing.} c6 18. Ne2 Nf5 19. g3 Nh6 20. c4 Bg4 21. Qg2 dxc4 22. Bxc4+ Kh8 23. d5 Nf7 24. Nf4 Ne5 25. Be2 {Black must now prevent Bxg4.} Bd7 26. Rad1 cxd5 27. Bc3 Bc6 28. Nxd5 f5 29. f4 (29. Bxe5 $14 Bxe5 30. Bf3 Bxb2 31. Nf4) 29... Nd7 (29... Ng4 $11) 30. Bxg7+ (30. Qf2 {is more complex.} Bxc3 31. bxc3 Bxd5 32. Rxd5 Qc7 33. Bf3) 30... Kxg7 31. Bf3 Nf6 32. Nxf6 Qxf6 33. Bxc6 bxc6 34. Rd7+ Rf7 35. Qd2 {Threatens to win with Rd6.} Rxd7 36. Qxd7+ $14 {[%mdl 4096] Endgame KQR-KQR} Kf8 ({Black should try} 36... Kh6 $1 $14) 37. Re5 Rd8 38. Qxh7 Re8 (38... Rd1+ $16 39. Kf2 a6) 39. Qh6+ $2 ({Weaker is} 39. Qxa7 Rxe5 40. fxe5 Qxe5 $16) (39. Qc7 $18) 39... Kf7 40. Qh7+ $2 (40. Rxe8 $14 Kxe8 41. Kf1) 40... Kf8 $18 41. Qc7 ({Not} 41. Qxa7 Rxe5 42. fxe5 Qxe5 $16) 41... Rxe5 42. Qxe5 ({Don't do} 42. fxe5 $6 Qe7) 42... Qxe5 $2 (42... Qf7 43. a3 Kg8) 43. fxe5 {KP-KP} Kf7 44. h4 Ke6 45. Kf2 Kxe5 46. Kf3 $2 (46. Ke3 c5 47. Kf3) 46... c5 47. b3 {[%cal Bb2b3,Bb3b4,Bb4b5][%mdl 32]} Ke6 $2 (47... a6 $18 48. Ke3 a5) 48. Kf4 {White mates.} Kf6 49. a3 {[%cal Ba2a3,Ba3a4][%mdl 32]} a6 50. b4 $1 {[%cal Rb4c5]} c4 51. a4 Ke6 52. Ke3 $1 {[%cal Re3d4]} Kd5 {[#]} 53. Kd2 $1 {[%cal Rd2c3]} Kd4 {[#]} 54. Kc2 $1 c3 55. b5 Kd5 {Accuracy: White = 69%, Black = 44%.} 1-0

[Event "GCT Zagreb 2019"]
[Site "Zagreb"]
[Date "2019.07.04"]
[Round "8.3"]
[White "Aronian, Levon"]
[Black "Nepomniachtchi, Ian"]
[Result "1/2-1/2"]
[WhiteElo "2752"]
[BlackElo "2775"]
[Annotator "TA"]
[PlyCount "54"]
[EventDate "2019.06.26"]
[EventType "tourn"]
[EventCountry "CRO"]
[SourceTitle "playchess.com"]
[Source "ChessBase"]
[SourceQuality "1"]

{[%evp 12,54,17,16,40,31,33,37,31,19,35,10,35,31,40,34,50,18,27,22,33,29,43,8,12,10,12,12,9,20,10,0,0,0,0,0,0,0,0,0,0,-9,0,0,0]} 1. d4 Nf6 2. c4 g6 3. Nc3 d5 4. Nf3 Bg7 5. Bg5 Ne4 6. Bf4 Nxc3 7. bxc3 c6 {D91: Grünfeld: 4 Nf3 Bg7 5 Bg5} (7... c5 8. e3 O-O 9. cxd5 Qxd5 10. Be2 cxd4 11. cxd4 Qa5+ 12. Qd2 Nc6 13. O-O Qxd2 14. Nxd2 e5 15. dxe5 Nxe5 16. Rab1 b6 17. Nc4 Nxc4 18. Bxc4 Bf5 19. Rbc1 Bb2 20. Rcd1 Rac8 21. Bb3 Rfd8 22. Bg5 Rxd1 23. Rxd1 Bc2 24. Bxc2 Rxc2 {½-½ (46) Lalith,B (2547)-Jones,G (2691) Caleta 2019}) 8. e3 O-O 9. Qb3 b6 {White is slightly better.} 10. Be2 Ba6 11. a4 $146 ({Predecessor:} 11. O-O Qc8 12. Rfe1 Bxc4 13. Bxc4 dxc4 14. Qxc4 c5 15. Rec1 {0-1 (98) Dunlop,N (1838)-Othman,M (1893) Sunningdale 2013}) 11... e6 12. O-O Nd7 13. Rfc1 Qe7 14. Bf1 (14. Re1 {looks sharper.} Bxc4 15. Bxc4 dxc4 16. Qxc4 c5 17. h3) 14... Bxc4 15. Bxc4 dxc4 16. Qxc4 e5 17. dxe5 (17. Bg3 {feels hotter.} Rac8 18. h3 Rfe8 19. Rab1 h5 20. Qa6) 17... Nxe5 {The position is equal.} 18. Bxe5 Bxe5 19. a5 Rac8 20. Qa6 Bc7 21. Kf1 bxa5 22. Qxa7 Ra8 23. Qd4 Qe6 24. Qc5 Qe4 25. Qd4 Qe6 26. Qc5 Qe4 27. Qd4 Qe6 {Accuracy: White = 58%, Black = 64%.} 1/2-1/2

[Event "GCT Zagreb 2019"]
[Site "Zagreb"]
[Date "2019.07.04"]
[Round "8.4"]
[White "Anand, Viswanathan"]
[Black "Caruana, Fabiano"]
[Result "1/2-1/2"]
[WhiteElo "2767"]
[BlackElo "2819"]
[Annotator "TA"]
[PlyCount "108"]
[EventDate "2019.06.26"]
[EventType "tourn"]
[EventCountry "CRO"]
[SourceTitle "playchess.com"]
[Source "ChessBase"]
[SourceQuality "1"]

{[%evp 13,108,11,13,12,22,24,21,24,62,60,59,62,70,40,51,28,43,30,25,32,131,126,139,130,124,124,138,132,162,116,138,149,175,150,153,140,139,139,142,148,142,156,144,128,127,109,109,117,105,115,161,160,148,138,157,141,120,120,147,112,113,122,110,120,127,68,104,80,93,33,33,31,31,30,30,37,29,17,25,25,60,53,66,66,66,66,66,66,66,66,66,66,73,73,73,73,73]} 1. e4 c5 2. Nf3 d6 3. Bb5+ Bd7 4. Bxd7+ Qxd7 5. c4 e5 6. Nc3 Nc6 7. d3 g6 8. h4 {B52: Sicilian: Moscow Variation with 3...Bd7} Nf6 $146 ({Predecessor:} 8... h6 9. h5 g5 10. Nd2 Bg7 11. g4 Nf6 12. f3 O-O 13. Nf1 Nd4 14. Be3 Ne8 15. Ng3 Nc7 16. Bxd4 exd4 {½-½ (56) Vachier Lagrave,M (2789)-Grischuk,A (2766) Paris 2018}) 9. Nd5 Nxd5 10. cxd5 {The position is equal.} Nb4 11. a3 Na6 12. h5 Bg7 13. Be3 f5 14. hxg6 hxg6 15. Rxh8+ Bxh8 16. Bg5 $36 {[%mdl 2048] White is pushing.} c4 (16... Kf7 $1 $14) 17. dxc4 $16 Nc5 {[#]} 18. Nd2 $1 Qh7 {next ...Qh1+ is good for Black.} 19. Qe2 Qh2 20. Be3 Nd7 21. Nf1 Qxg2 22. exf5 Rc8 23. Ng3 {Threatens to win with Rc1.} ({Resist} 23. Bxa7 $6 b6 $14) 23... Qg1+ 24. Qf1 Qxf1+ 25. Kxf1 Rxc4 26. fxg6 {And now Nf5 would win.} Rg4 27. Rc1 Kd8 28. Bxa7 e4 29. Rc2 Be5 30. Nf5 Rxg6 31. Be3 Nf6 32. Bb6+ Ke8 33. Rc8+ Kf7 34. Rc7+ Kf8 35. Rxb7 Nxd5 36. Ne3 Nf4 37. Nc4 Rh6 {[%cal Rh6h1] [#]} 38. Ke1 $1 Nd3+ 39. Kd2 (39. Ke2 $16) 39... Bf4+ 40. Be3 Bxe3+ 41. fxe3 {[%mdl 4096] Endgame KRN-KRN} (41. Nxe3 $16 Nxf2 42. b4) 41... d5 $14 42. Nb6 {Strongly threatening b4.} Nxb2 {White must now prevent ...Rxb6!} 43. Nxd5 Nc4+ 44. Kc3 Nxa3 45. Rb3 Rc6+ 46. Kd4 Nc2+ 47. Ke5 Nxe3 48. Nxe3 {KRN-KR} Rc5+ 49. Kd6 Ra5 50. Rb7 Ra3 51. Nc4 Ra6+ 52. Ke5 e3 53. Nxe3 Ra1 54. Nd5 Re1+ {Accuracy: White = 75%, Black = 59%.} 1/2-1/2

[Event "GCT Zagreb 2019"]
[Site "Zagreb"]
[Date "2019.07.04"]
[Round "8.5"]
[White "Giri, Anish"]
[Black "Mamedyarov, Shakhriyar"]
[Result "1-0"]
[WhiteElo "2779"]
[BlackElo "2774"]
[Annotator "TA"]
[PlyCount "61"]
[EventDate "2019.06.26"]
[EventType "tourn"]
[EventCountry "CRO"]
[SourceTitle "playchess.com"]
[Source "ChessBase"]
[SourceQuality "1"]

{[%evp 17,61,21,27,26,24,26,29,31,110,102,101,91,85,65,297,297,293,263,241,243,297,309,354,353,348,332,317,165,570,570,716,726,666,258,575,229,236,219,226,220,796,766,791,789,761,752]} 1. Nf3 c5 2. e4 Nc6 3. Bb5 d6 4. O-O Bd7 5. c3 Nf6 6. Re1 a6 7. Bf1 Bg4 8. d4 ({Predecessor:} 8. h3 Bh5 9. g4 Bg6 10. d4 cxd4 11. cxd4 d5 12. exd5 Nxd5 13. Nc3 {½-½ (103) Sebag,M (2486)-Cossin,S (2498) Brest 2018}) 8... cxd4 9. cxd4 d5 10. exd5 {B51: Sicilian: Moscow Variation (3 Bb5+) without 3...Bd7} Nxd5 11. Nc3 e6 12. h3 {White has an edge.} Bh5 $146 (12... Bxf3 $1 $14 13. Qxf3 Bb4) (12... Bxf3 13. Qxf3 Be7 14. Nxd5 Qxd5 15. Qxd5 exd5 16. Be3 O-O 17. Be2 Bf6 {½-½ (83) Antipov,M (2569)-Moiseenko,A (2692) Berlin 2015}) 13. g4 Bg6 14. Nxd5 Qxd5 15. Bg2 $1 $36 {[%mdl 2048] White has good play.} O-O-O $2 ({Better is} 15... Be7 $14) 16. Ne5 $18 Qxd4 17. Qf3 $1 Rd5 18. Nxf7 (18. Nxg6 $6 fxg6 19. Bf4 Bc5) 18... Rg8 {[#] and if ...Bb4 works, Black does fine.} 19. Ng5 $1 {aiming for Bf4.} ({Weaker is} 19. Rxe6 Qd1+ 20. Kh2 Qxf3 $11) 19... Bd6 20. Nxe6 Qb4 21. Be3 Re5 22. a3 (22. Rac1 $142 Kb8 23. a3) 22... Qxb2 $2 (22... Qb3 {is more resistant.}) 23. Rac1 {Black must now prevent Rxc6+.} Rxe6 24. Rxc6+ $1 Kd7 25. Rxa6 $2 ({Less strong is} 25. Rb6 Qxb6 26. Bxb6 Rxe1+ 27. Bf1 Re4 $16) (25. Rd1 bxc6 26. Qxc6+ {[%mdl 64] Double Attack} Ke7 27. Bg5+ Kf8 28. Rxd6) 25... Rb8 $2 {[#]} (25... bxa6 $2 {perishes.} 26. Qc6+ Ke7 27. Bg5+ Kf8 28. Rxe6 $18) (25... Rge8) 26. Ra7 $2 (26. Rxd6+ $1 {[%mdl 512]} Rxd6 (26... Kxd6 27. Qd5+) 27. Rd1 Qxa3 28. Bf4 {[%mdl 64] Skewer, Discovered Attack} Qxf3 29. Rxd6+ Ke7 30. Bxf3) 26... Be4 27. Qf7+ Re7 28. Qc4 Rc8 $2 (28... Bxg2 29. Kxg2 Qe5 30. Qa4+ Kc8) 29. Qa4+ {White is clearly winning.} Bc6 30. Bxc6+ Rxc6 31. Rc1 {Accuracy: White = 58%, Black = 22%.} 1-0

[Event "GCT Zagreb 2019"]
[Site "Zagreb"]
[Date "2019.07.04"]
[Round "8.6"]
[White "Vachier-Lagrave, Maxime"]
[Black "Karjakin, Sergey"]
[Result "1/2-1/2"]
[WhiteElo "2779"]
[BlackElo "2748"]
[Annotator "TA"]
[PlyCount "71"]
[EventDate "2019.06.26"]
[EventType "tourn"]
[EventCountry "CRO"]
[SourceTitle "playchess.com"]
[Source "ChessBase"]
[SourceQuality "1"]

{[%evp 16,71,37,11,18,11,37,0,0,0,4,0,0,0,0,0,0,0,0,0,0,0,0,0,11,11,17,8,9,0,0,0,34,24,24,24,27,0,36,29,56,71,59,0,0,0,0,0,0,0,0,0,0,0,0,0,0,0]} 1. e4 e5 2. Nf3 Nc6 3. Bb5 Nf6 4. O-O Nxe4 5. d4 Nd6 6. Bxc6 dxc6 7. dxe5 Nf5 8. Qxd8+ Kxd8 9. h3 Be7 {C67: Ruy Lopez: Berlin Defence: 4 0-0 Nxe4} 10. Nc3 h5 11. Bf4 Be6 12. Rad1+ Kc8 13. a3 $146 ({Predecessor:} 13. Ng5 Bxg5 14. Bxg5 b6 15. g4 hxg4 16. hxg4 Nh4 17. Bxh4 Rxh4 {1-0 (41) Wei,Y (2696)-Giri,A (2785) Bilbao 2016}) 13... b6 14. Bg5 Re8 15. Bxe7 Rxe7 16. Rfe1 Kb7 17. Ne2 g6 18. Nf4 Ng7 19. Ng5 Bf5 20. Re2 Rae8 21. g3 a5 22. c3 a4 23. f3 Be6 (23... h4 {with more complications.} 24. gxh4 Rh8 25. Kf2 Rxh4 26. Rd4 Rh8) 24. Nfxe6 Nxe6 25. Nxe6 Rxe6 $14 {[%mdl 4096] Endgame KRR-KRR} 26. f4 c5 27. Kf2 f6 {[%cal Rf6e5]} 28. Rde1 {[#] And now exf6 would win.} Rd8 29. exf6 (29. g4 $14) 29... Rxf6 $11 {The position is equal.} 30. Re6 Rxe6 $1 31. Rxe6 {KR-KR} Rd2+ 32. Re2 $1 {[%cal Re2d2]} Rd3 33. Re3 Rd2+ 34. Re2 Rd3 35. Re3 Rd2+ 36. Re2 {Accuracy: White = 75%, Black = 80%.} 1/2-1/2

[Event "GCT Zagreb 2019"]
[Site "Zagreb"]
[Date "2019.07.05"]
[Round "9.1"]
[White "Carlsen, Magnus"]
[Black "Aronian, Levon"]
[Result "1/2-1/2"]
[WhiteElo "2875"]
[BlackElo "2752"]
[Annotator "TA"]
[PlyCount "97"]
[EventDate "2019.06.26"]
[EventType "tourn"]
[EventCountry "CRO"]
[SourceTitle "playchess.com"]
[Source "ChessBase"]
[SourceQuality "1"]

{[%evp 21,97,0,0,0,0,0,0,0,0,0,0,0,0,0,0,0,0,0,34,42,27,35,42,33,34,29,33,0,21,0,20,0,30,36,31,23,36,8,8,8,8,8,8,8,8,8,8,8,8,0,0,0,0,0,0,0,0,0,0,0,0,0,0,0,0,0,0,0,0,0,0,0,0,0,0,0,0,0]} 1. d4 Nf6 2. c4 e6 3. Nf3 d5 4. Nc3 Bb4 5. Bg5 dxc4 6. e4 c5 7. e5 cxd4 8. Nxd4 Bxc3+ 9. bxc3 Qa5 10. exf6 Qxg5 11. fxg7 Qxg7 12. Qd2 {D39: Queen's Gambit Declined: Ragozin Defence with 5 Bg5 dxc4} O-O 13. Bxc4 Rd8 ({Not} 13... Qxg2 $2 14. O-O-O $18) 14. Qe3 Bd7 {[#]} ({But not} 14... Qxg2 $2 15. O-O-O $18) 15. O-O-O $146 ({Predecessor:} 15. O-O Nc6 16. Nf3 Ne7 17. Ne5 Ng6 18. f4 Rac8 19. Be2 Be8 {½-½ (64) Van Wely,L (2675)-Burg,T (2518) Amsterdam 2017}) 15... Nc6 16. Bb3 Be8 17. Nxc6 Bxc6 18. h4 Qf6 19. Rh3 b5 20. Rg3+ Kh8 21. Rg4 a5 22. Rf4 {[#] Rxd8+ would kill now.} Qg7 23. Rxd8+ Rxd8 24. g4 b4 25. g5 bxc3 26. Bc2 Bd5 27. Rf6 Qf8 $1 {[%cal Rf8a3] [#] ( -> ...Qa3+)} 28. Qxc3 {And now Rxf7+ would win.} Rc8 29. Qd3 {[%csl Gc2][%cal Rd3h7]} Qg7 $1 $132 {[%mdl 2048] The position is equal. Black is not holding back} 30. f4 Kg8 $1 31. Kd2 h6 32. a3 hxg5 33. fxg5 Rc4 34. Qg3 Be4 $1 35. Bb3 Rd4+ 36. Ke1 Bf5 37. h5 {Black must now prevent h6.} Rd3 38. Qb8+ Qf8 39. Qxf8+ Kxf8 $11 {[%mdl 4096] Endgame KRB-KRB} 40. Bc2 Rh3 41. Bxf5 exf5 {KR-KR} 42. h6 {Threatens to win with a4.} Kg8 43. a4 Rh4 44. Rxf5 Rxa4 45. Kf2 Rg4 46. Kf3 Rg1 47. Kf2 Rg4 48. Kf3 Rg1 49. Kf2 {Accuracy: White = 74%, Black = 84%.} 1/2-1/2

[Event "GCT Zagreb 2019"]
[Site "Zagreb"]
[Date "2019.07.05"]
[Round "9.2"]
[White "Nepomniachtchi, Ian"]
[Black "So, Wesley"]
[Result "1/2-1/2"]
[WhiteElo "2775"]
[BlackElo "2754"]
[Annotator "TA"]
[PlyCount "83"]
[EventDate "2019.06.26"]
[EventType "tourn"]
[EventCountry "CRO"]
[SourceTitle "playchess.com"]
[Source "ChessBase"]
[SourceQuality "1"]

{[%evp 9,83,15,11,12,10,7,4,7,20,18,20,19,25,16,28,12,7,7,6,16,16,10,14,9,9,2,9,0,16,17,10,10,31,28,34,6,41,47,43,41,42,41,48,41,145,145,145,145,145,136,145,145,140,137,391,410,471,474,548,565,1008,1011,978,0,0,0,0,0,0,0,0,0,0,0,0,0]} 1. e4 e5 2. Nf3 Nc6 3. Bb5 Nf6 4. d3 Bc5 5. Nbd2 Nd4 6. Nxd4 {C65: Ruy Lopez: Berlin Defence (3...Nf6), unusual lines and 4 0-0 Bc5} Bxd4 7. c3 Bb6 8. d4 c6 9. dxe5 cxb5 10. exf6 Qxf6 {[%csl Gb6][%cal Rf6f2]} 11. O-O O-O 12. a4 bxa4 13. Nc4 $146 d5 14. exd5 Bd7 15. Be3 Bxe3 16. fxe3 Qe7 17. Qd4 Rfe8 18. e4 f6 19. Rfe1 b5 20. Nd2 a5 21. Nf3 $36 {[%mdl 2048] Black is under pressure.} Bg4 22. d6 Qd7 (22... Qb7 {is interesting.} 23. c4 bxc4 24. Rxa4 Rad8 25. Rxc4 Re6) 23. e5 Bxf3 $1 24. gxf3 fxe5 25. Rxe5 Rxe5 26. Qxe5 $14 {[%mdl 4096] Endgame KQR-KQR} Re8 ({Black should play} 26... Qf7 $14) 27. Qd5+ $16 Kh8 28. Rd1 h6 29. Rd4 Re6 30. Kf2 Rf6 31. h4 b4 $2 {[%mdl 8192] [#]} (31... Rf8 $16 32. Kg3 Rf6) 32. c4 $1 $18 a3 33. bxa3 bxa3 {aiming for ...a2.} 34. c5 {Threatens to win with c6.} a2 35. Qxa2 Qh3 36. Qe2 $2 (36. Qd5 $18) 36... Qh2+ $11 {The position is equal.} 37. Ke3 Qg1+ 38. Kd3 Qb1+ 39. Ke3 {And now Qd1 would win.} Qg1+ 40. Kd3 Qb1+ 41. Kd2 {Strongly threatening Qe8+.} Qb2+ {[%mdl 64] [#] Double Attack} 42. Kd3 {Accuracy: White = 71%, Black = 47%.} 1/2-1/2